| 000 | 00000nam##2200000za#4500 |
| 001 | 9.616557 |
| 003 | CaOODSP |
| 005 | 20200327143511 |
| 007 | ta |
| 008 | 150406|2002||||xxc||||| f|0| 0 eng|d |
| 022 | |a0706-6457 |
| 040 | |aCaOODSP|beng |
| 043 | |an-cn--- |
| 086 | 1 |aFs97-6/2447E |
| 110 | 1 |aCanada. |bDepartment of Fisheries and Oceans. |
| 245 | 10|aSeasonal patterns of biological and physical variables in sediments of Lime Kiln Bay during 2000-2001 / |cby D.J. Wildish, H.M. Akagie and A. Martin |
| 260 | |aOttawa - Ontario : |bFisheries and Oceans Canada |c2002. |
| 300 | |aiii, 46p. : |bfig., tables ; |c28 cm. |
| 490 | 1 |aCanadian technical report of fisheries and aquatic sciences|x0706-6457|v2447 |
| 500 | |a"Fisheries and Oceans Canada, Biological Station, 531 Brandy Cove Road, St. Andrews, New-Brunswick, Canada E5B 2L9". "This is the two hundred and forty-ninth Technical Report of the Biological Station, St. Andrews, NB". |
| 546 | |a(Textes d'introduction en anglais et en français.) |
| 563 | |aSoftcover |
| 590 | |a03-42|b2003-10-17 |
| 690 | 07|aFisheries|2gcpds |
| 720 | 1 |aWildish, D. |
| 720 | 1 |aAkagi, H. |
| 720 | 1 |aMartin, A. |
| 776 | 0#|tSeasonal patterns of biological and physical variables in sediments of Lime Kiln Bay during 2000-2001 / |w(CaOODSP)9.574068 |
| 830 | #0|aCanadian technical report of fisheries and aquatic sciences,|x0706-6457|v2447|w(CaOODSP)9.514691 |